Algorithmic Game Theory , Lecture 1 (Introduction)

El siguiente video trata temas en la interfaz de la ciencia de la computacin̤ y la teora̕ de juegos, tales como: diseǫ de mecanismo algort̕mico; subastas combinatorias; cm̤puto de los equilibrios de Nash y la teora̕ de la complejidad relevante; congestin̤ y juegos potenciales; compratir costos; teo...

সম্পূর্ণ বিবরণ

সংরক্ষণ করুন:
গ্রন্থ-পঞ্জীর বিবরন
অন্যান্য লেখক: Roughgarden Tim, Canal Tim Roughgarden lectures / YouTube
বিন্যাস: গ্রন্থ
ভাষা:ইংরেজি
বিষয়গুলি:
অনলাইন ব্যবহার করুন:Algorithmic Game Theory , Lecture 1 (Introduction)
ট্যাগগুলো: ট্যাগ যুক্ত করুন
কোনো ট্যাগ নেই, প্রথমজন হিসাবে ট্যাগ করুন!

MARC

LEADER 00000nam a22000004a 4500
001 vpro7940
005 20201223000000.0
008 140616s2014 ck # g## #001 0#eng#d
020
022
040 |a CO-BoINGC 
041 0 |a eng 
245 1 0 |a Algorithmic Game Theory , Lecture 1 (Introduction) 
246 |a Teora̕ de juegos algort̕mica : Leccin̤ 1 (introduccin̤) 
264 |a Bogot ̀(Colombia) :  |b Revista VirtualPRO,  |c 2014 
520 3 |a El siguiente video trata temas en la interfaz de la ciencia de la computacin̤ y la teora̕ de juegos, tales como: diseǫ de mecanismo algort̕mico; subastas combinatorias; cm̤puto de los equilibrios de Nash y la teora̕ de la complejidad relevante; congestin̤ y juegos potenciales; compratir costos; teora̕ de juegos e Internet; mercados coincidentes; formacin̤ de redes; algoritmos de aprendizaje en ln̕ea; precio de la anarqua̕; subastas sin previo aviso; enrutamiento egos̕ta; bs͠queda patrocina.  
650 \ \ |a Teora̕ de los juegos 
650 \ \ |a Mťodos de enseąnza 
650 \ \ |a Algoritmos (Computadores) 
650 \ \ |a Internet 
650 \ \ |a Game theory 
650 \ \ |a Educational method 
650 \ \ |a Computer algorithms 
650 \ \ |a Internet (Computer network) 
650 \ \ |a Formacin̤ de redes 
650 \ \ |a Mercados coincidentes 
650 \ \ |a Computo de los equilibrios de Nash 
650 \ \ |a Network formation 
650 \ \ |a Matching markets 
650 \ \ |a Computation of Nash equilibria  
700 \ \ |a Roughgarden Tim  
700 \ \ |a Canal Tim Roughgarden lectures / YouTube 
856 |z Algorithmic Game Theory , Lecture 1 (Introduction)  |u https://virtualpro.unach.elogim.com/biblioteca/teoria-de-juegos-algoritmica-leccion-1-introduccion-